1387 1554 1310 1106 1857 1418 1513 1630 1156 1209 1469 1514 1469 1922 1286 1319 1362 1022 1570 1598 1835 1008 1790 1156 1007 1184 1204 1768 1183 1302 1803 1142 1495 1837 1292 1492 1452 1474 1139 1188 1997 1624 1069 1874 1081 1722 1799 1048 1027 1360 1320 1446 1353 1014 1550 1639 1575 1748 1655 1897 1799 1619 1481 1892 1553 1829 1104 1646 1194 1949 1863 1292 1851 1081 1661 1240 1597 1057 1527 1587 1201 1953 1690 1763 1258 1629 1299 1558 1961 1655 1618 1081 1755 1292 1087 1361 1294 1595 1913 BCNSPRNW ULIB Ver.6.0+V

เปลี่ยนเป็นภาษาไทย

Change to English
 แสดงรายละเอียดบรรณานุกรม
  กลับหน้าหลัก

Brief Record : Get Marc (ISO 2709) : E-mail record : QR code < ปิดหน้าต่าง
LEADER : 00000nam 2200000uu 4500
001    13399115049
003     ULIB
008    020711s2006 th a 000 0 eng d
020    ^a0781791642
060    ^aQS4^bS671C
100    ^aRichard S. Snell
245    ^aClinical Anatomy by Systems/^cRichard S. Snell
250    ^a1St Editionth ed
260    ^aNew York :^bLippincott Williams & Wilkins,^c2006
300    ^a960 p. pages
650    Anatomy
945    ^p2600^l0^i022735
999    ^aวรรณษา ชูชัยมงคล
รายการนี้ยังไม่มีแท็ก
คุณยังไม่ได้ล็อกอิน คุณสามารถมีกิจกรรมร่วมกับเว็บไซต์ได้ แต่ต้องล็อกอินก่อน ::
  ล็อกอิน

รายการสื่อสารสนเทศ

ลำดับที่ ประเภท เลขเรียก/บาร์โค้ด สถานที่ สถานะ
- ไม่พบข้อมูล -

รายการใกล้เคียง
    หัวเรื่อง [Anatomy]

BibComment


ยังไม่เคยถูกคอมเมนท์

คอมเมนท์ทรัพยากรรายการนี้
  คอมเมนท์: Clinical Anatomy..


 Copyright 2026. Bcnsprnw @Library